Rainbow Science Encyclopedia; (Record no. 207561)

MARC details
000 -LEADER
fixed length control field 00659nam a22001937a 4500
005 - DATE AND TIME OF LATEST TRANSACTION
control field 20241211114936.0
010 ## - LCCN (DPL NO)
LC control number B-761443
020 ## - INTERNATIONAL STANDARD BOOK NUMBER
International Standard Book Number 9788181536592
Terms of availability 350.00
035 ## - SYSTEM CONTROL NUMBER
System control number B-761443
037 ## - SOURCE OF ACQUISITION
Source of stock number/acquisition Gift
082 ## - DEWEY DECIMAL CLASSIFICATION NUMBER
Classification number 503
245 ## - TITLE STATEMENT
Title Rainbow Science Encyclopedia;
Statement of responsibility, etc A Book of Questions & Answers (4)/
Remainder of title Edited by- Aankanksha & Anand
260 ## - PUBLICATION, DISTRIBUTION, ETC. (IMPRINT)
Place of publication, distribution, etc Delhi
Name of publisher, distributor, etc Rainbow Books
Date of publication, distribution, etc 2019(repr.)
270 ## - ADDRESS
Address F-32, Street No.12, Parwana Road, Jagat Puri,
City Delhi
Postal code 110051
300 ## - PHYSICAL DESCRIPTION
Extent 104p.
Dimensions 25cm(Hb)
Other physical details col.ill.
700 ## - ADDED ENTRY--PERSONAL NAME
Personal name Aakanksha
9 (RLIN) 55845
942 ## - ADDED ENTRY ELEMENTS (KOHA)
Source of classification or shelving scheme Dewey Decimal Classification
Item type Children Books
Call number suffix RAI
Classification part 503
Holdings
Withdrawn status Lost status Not for loan Collection code Home library Current library Date acquired Source of acquisition Cost, normal purchase price Full call number Barcode Copy number Cost, replacement price Koha item type Public note
      Non-fiction Central Library Central Library 11/12/2024 Gift/9.12.24 350.00 RAI 503 B-761443 1 350.00 Children Books Gift

© Delhi Public Library
Hit Counter
free hit counter